000 01494nam2a22002531 4500
001 RU\NLR\INFOCOMM6\1000425782
005 20250617123355.0
035 _a(NLR Aleph) 002604714
090 _a3476019
_c3476019
100 _a20040423d1972 |||y0rusy50 ca
101 0 _arus
102 _aRU
105 _ay |||||||||
200 1 _aАлгоритмический язык. Автокод для ЭВМ М-222
_fА.Н. Балуев
210 _d1972
_aБ. м.
461 0 _1001RU\NLR\INFOCOMM6\1000425777
_12001#$aМетодические материалы по программному обеспечению ЭВМ$hСерия 3$iРуководства по трансляторам$fЛенингр. ордена Ленина и ордена Труда Красного Знамени гос. ун-т им. А.А.Жданова. Вычислит. центр$vВып.5
_93475976
_cЛ.
_d1971-
_fЛенингр. ордена Ленина и ордена Труда Красного Знамени гос. ун-т им. А.А.Жданова. Вычислит. центр
_hСерия 3
_iРуководства по трансляторам
_nИзд-во Ленингр. ун-та
_tМетодические материалы по программному обеспечению ЭВМ
_vВып.5
700 1 _aБалуев
_bА.Н.
_4070
801 1 _aRU
_bInfoComm
_c20040423
801 0 _aRU
_bNLR
_gPSBO
852 _aNLR
_jП10/4062
942 _cISSUE
980 _aNB
980 _aRUSPER